Daň z príjmov obcí a ich príspevkových organizácií

Dane z príjmov právnických osôb. Termín podania daňového priznania je zákonom stanovený. Predmet dane v príspevkových organizáciách zriadených v obciach. Oslobodenie od dane. Usmernenie obcí a nimi zriadených príspevkových organizácií vo veci podania daňového priznania, určenie predmetu dane a oslob...

Ausführliche Beschreibung

Gespeichert in:
Bibliographische Detailangaben
1. Verfasser: Brániková, Mária
Format: Buchkapitel
Sprache:Slowakisch
Schlagworte:
Tags: Tag hinzufügen
Keine Tags, Fügen Sie das erste Tag hinzu!

MARC

LEADER 00000naa a2200000 4500
001 r036307
005 20231002072031.7
041 0 |a slo 
044 |a SK 
245 1 0 |a Daň z príjmov obcí a ich príspevkových organizácií  |c Mária Brániková 
520 |a Dane z príjmov právnických osôb. Termín podania daňového priznania je zákonom stanovený. Predmet dane v príspevkových organizáciách zriadených v obciach. Oslobodenie od dane. Usmernenie obcí a nimi zriadených príspevkových organizácií vo veci podania daňového priznania, určenie predmetu dane a oslobodenia od dane. 
610 2 0 |a dane z príjmov 
610 2 0 |a priznania daňové 
610 2 0 |a oslobodenie od daní 
610 2 0 |a základ dane 
610 2 0 |a organizácie príspevkové 
610 2 0 |a obce 
610 2 0 |a Slovensko 
610 2 0 |a služby verejnoprospešné 
100 1 |a Brániková, Mária